Robert Kennedy and his times

Gorde:
Xehetasun bibliografikoak
Egile nagusia: Schlesinger, Arthur Meier
Formatua: Liburua
Hizkuntza:Undetermined
Argitaratua: Boston Houghton Mifflin 1978
Gaiak:
Etiketak: Etiketa erantsi
Etiketarik gabe, Izan zaitez lehena erregistro honi etiketa jartzen!
Thư viện lưu trữ: Trung tâm Học liệu Trường Đại học Cần Thơ
LEADER 00546nam a2200205Ia 4500
001 CTU_88659
008 210402s9999 xx 000 0 und d
082 |a 973.922 
082 |b S342 
100 |a Schlesinger, Arthur Meier 
245 0 |a Robert Kennedy and his times 
245 0 |c Arthur M. Schlesinger 
260 |a Boston 
260 |b Houghton Mifflin 
260 |c 1978 
650 |a Legislators 
650 |x Biography 
650 |z United States 
904 |i Bằng,Hải 
980 |a Trung tâm Học liệu Trường Đại học Cần Thơ